000 00588nam a2200205Ia 4500
005 20250508163827.0
008 008 250505s9999 xx 000 0 hin d
020 _a81-86562-28-1
037 _aTextual
040 _aFEDL
_beng
_cFEDL
041 _ahin
_2eng
084 _a305.8, GUP
_qFEDL
100 _aGupta Rajesh Kumar
245 0 _aBharat me aarakshan neeti (Reservation policy in India)
260 _aDelhi, India
_bManak Publications Pvt. Ltd.
_c2000
300 _axii,302p
365 _aINR
_b400
942 _cTEXL
_h305.8, GUP
999 _c1385487
_d1385487